Central banks under stress: Reputation, accountability and regulatory coherence (Record no. 512649)

000 -LEADER
fixed length control field 01504nam a22001697a 4500
008 - FIXED-LENGTH DATA ELEMENTS--GENERAL INFORMATION
fixed length control field 191205b ||||| |||| 00| 0 eng d
100 ## - MAIN ENTRY--PERSONAL NAME
Personal name McPhilemy, Samuel
245 ## - TITLE STATEMENT
Title Central banks under stress: Reputation, accountability and regulatory coherence
260 ## - PUBLICATION, DISTRIBUTION, ETC. (IMPRINT)
Name of publisher, distributor, etc Public Administration
300 ## - PHYSICAL DESCRIPTION
Extent 97(3), 2019: p.489-498.
520 ## - SUMMARY, ETC.
Summary, etc This symposium homes in on an area of public administration that has been through a period of significant change in the last ten years. Since the global financial crisis, central banks have expanded their operations in financial markets, buying up vast quantities of assets as part of expansive monetary policy strategies. They have also played a leading role in the reform of financial regulation and have been entrusted with enhanced authority to supervise financial institutions. This activity has taken place amid heightened political contestation, with central banks increasingly viewed as the quintessence of a technocratic mode of governance that eschews traditional democratic control. The purpose of this symposium is to consider how central banks’ reputation, accountability and regulatory roles have changed since the financial crisis, and what those changes tell us about the balance of power between independent regulatory agencies and elected policy‐makers. - Reproduced.
650 ## - SUBJECT ADDED ENTRY--TOPICAL TERM
Topical term or geographic name as entry element Central banks
9 (RLIN) 14280
700 ## - ADDED ENTRY--PERSONAL NAME
Personal name Moschella, Manuela
9 (RLIN) 14281
773 ## - HOST ITEM ENTRY
Main entry heading Public Administration
906 ## - LOCAL DATA ELEMENT F, LDF (RLIN)
Subject DIP Banks and banking
942 ## - ADDED ENTRY ELEMENTS (KOHA)
Item type Articles
Holdings
Withdrawn status Lost status Source of classification or shelving scheme Damaged status Not for loan Permanent location Current location Date acquired Serial Enumeration / chronology Barcode Date last seen Koha item type
          Indian Institute of Public Administration Indian Institute of Public Administration 2019-12-05 97(3), 2019: p.489-498. AR121991 2019-12-05 Articles

Powered by Koha